Design of software Models for Heterogeneous Clients of Wireless Devices (Mobile) (Record no. 58413)

MARC details
000 -LEADER
fixed length control field 00444nam a2200157Ia 4500
100 ## - MAIN ENTRY--AUTHOR NAME
Personal name 02IT03
100 ## - MAIN ENTRY--AUTHOR NAME
Personal name Rafique Ahmed Ujjan
245 #0 - TITLE STATEMENT
Title Design of software Models for Heterogeneous Clients of Wireless Devices (Mobile)
260 ## - PUBLICATION, DISTRIBUTION, ETC. (IMPRINT)
Place of publication Nawabshah
260 ## - PUBLICATION, DISTRIBUTION, ETC. (IMPRINT)
Name of publisher QUEST
260 ## - PUBLICATION, DISTRIBUTION, ETC. (IMPRINT)
Year of publication 2002
300 ## - PHYSICAL DESCRIPTION
Number of Pages 93
700 ## - ADDED ENTRY--PERSONAL NAME
Personal name Department Of Infornation Technology Engineering
Holdings
Withdrawn status Lost status Home library Current library Date acquired Accession Number Koha item type
    Research Section Research Section 20/04/2018 ITP/01-01 Thesis and Dissertation